01228nmm a2200397 a 4500003001200000005001700012008004100029020001800070040001600088245005600104246005400160260002600214300002800240500005800268504004200326650002000368650002100388650001800409650002000427650001500447650002100462650002300483650001400506650001400520650001700534651001300551653002400564700002500588700002300613700003200636700002400668942000700692998001000699999001700709952010400726AR-X00000XY20251128211907.0017020s2002 ||||||||||||||000 | spa|| a958-644-083-4 cAR-X00000XY10a25 años de luchas sociales en Colombiab1975-20001 aVeinticinco años de luchas sociales en Colombia aBogotábCinepc20020 a278 p.bmapas, gráfs.0 aDonación de la Embajada de Colombia en Buenos Aires aContiene referencias bibliográficas 4aLUCHAS SOCIALES 4aCRISIS POLITICAS 4aCRISIS SOCIAL 4aPROTESTA SOCIAL 4aABORIGENES 4aCONFLICTO SOCIAL 4aCONFLICTO POLITICO 4aVIOLENCIA 4aREPRESION 4aSIGLO VEINTE 4aColombia 0aHISTORIA COLOMBIANA1 aArchila N., Mauricio1 aDelgado G., Alvaro1 aGarcía V., Martha Cecilia1 aPrada M., Esmeralda cBK cNancy c21514d21514 00102ddc405171aLPLbLPLd2025-11-28l0o323.1 ARCp143841r2025-11-28 21:19:07w2025-11-28yBK